000 00302nam a2200109Ia 4500
008 230907s9999||||xx |||||||||||||| ||und||
082 _a620.11296
_bGAS
100 _aGaskell, David R.,
_940023
245 0 _aIntroduction to the thermodynamics of materials, /
300 _axix, 693 pages ;
942 _cBK
999 _c598464
_d598464